Managing fire risk in commercial buildings (Record no. 115225)

MARC details
000 -LEADER
fixed length control field 00992cam a22002535a 4500
001 - CONTROL NUMBER
control field L158258
008 - FIXED-LENGTH DATA ELEMENTS--GENERAL INFORMATION
fixed length control field 110517s2014 xxk f 000 0 eng d
020 ## - INTERNATIONAL STANDARD BOOK NUMBER
International Standard Book Number 9781848063938
035 ## - SYSTEM CONTROL NUMBER
System control number (Sirsi) u158258
041 0# - LANGUAGE CODE
Language code of text/sound track or separate title eng
050 04 - LIBRARY OF CONGRESS CALL NUMBER
Classification number 693.82 $2 18
100 1# - MAIN ENTRY--PERSONAL NAME
Personal name Fraser-Mitchell, Jeremy
Titles and words associated with a name Dr
245 00 - TITLE STATEMENT
Title Managing fire risk in commercial buildings
Remainder of title A guide for facilities managers
260 ## - PUBLICATION, DISTRIBUTION, ETC.
Place of publication, distribution, etc. Watford
Name of publisher, distributor, etc. BRE
Date of publication, distribution, etc. 2014
300 ## - PHYSICAL DESCRIPTION
Extent 8p.
Dimensions 30cm.
490 #0 - SERIES STATEMENT
Series statement BRE Information Paper
Volume/sequential designation (IP 11/14)
520 ## - SUMMARY, ETC.
Summary, etc. First part explains basic methodology behind carrying out a fire risk assessment before considering how best to deal with residual risks. The second part gives a brief overview of the operation and maintenance requirements for fire detection systems, fire suppression systems, firefighting equipment and emergency lighting.
521 ## - TARGET AUDIENCE NOTE
Target audience note Advanced
590 ## - LOCAL NOTE (RLIN)
Local note KA
651 #4 - SUBJECT ADDED ENTRY--GEOGRAPHIC NAME
Geographic name United Kingdom
Chronological subdivision
690 ## - LOCAL SUBJECT ADDED ENTRY--TOPICAL TERM (OCLC, RLIN)
Topical term or geographic name as entry element Health and safety
9 (RLIN) 6244
700 1# - ADDED ENTRY--PERSONAL NAME
Personal name Taylor, Tom
942 ## - ADDED ENTRY ELEMENTS (KOHA)
Suppress in OPAC 0
Holdings
Withdrawn status Lost status Source of classification or shelving scheme Damaged status Not for loan Home library Current library Shelving location Date acquired Total Checkouts Full call number Barcode Date last seen Copy number Price effective from Koha item type
    Dewey Decimal Classification     London London BRE publications 14/11/2014   BRE 30078777 06/08/2019 1 06/08/2019 Book